Loading...
| Science - Other Science | 2 | 2 | 0 | 0 | 50 | 46 | 70.25 | 3 | 4 |
| History - American History | 0 | 2 | 0 | 0 | 20 | 115 | 127.00 | 0 | 1 |
| Religion | 1 | 0 | 0 | 0 | 15 | 61 | 61.00 | 0 | 1 |
| Literature - British Literature | 0 | 1 | 0 | 1 | 10 | 147 | 147.00 | 0 | 1 |
| Literature - World Literature | 0 | 1 | 0 | 1 | 10 | 153 | 153.00 | 0 | 0 |
| Social Science | 0 | 1 | 0 | 0 | 10 | 136 | 136.00 | 0 | 1 |
| Geography | 0 | 1 | 0 | 1 | 10 | 138 | 138.00 | 0 | 1 |
| History - Other History | 0 | 1 | 0 | 0 | 10 | 127 | 127.00 | 0 | 1 |
| Fine Arts - Other Fine Arts | 0 | 1 | 0 | 1 | 10 | 128 | 128.00 | 0 | 1 |
| Science - Physics | 0 | 1 | 2 | 0 | 0 | 115 | 115.00 | 0 | 1 |